Регионална библиотека "Любен Каравелов" - Русе

Мисли в ритъм и в проза (Запис номер 137277)

MARC детайли
000 -Лидер
Контролно поле с фиксирана дължина 01266nam a2200313 c 4500
003 - Код на организацията, давaща контролен номер
Контролно поле BLK
005 - Дата и час на последна редакция
Контролно поле 20231113151734.0
008 - Елементи от данни с фиксирана дължина
fixed length control field 180409b bul|||||r ||||||| ||bul||
010 ## - Наследен системен номер
LC control number KNG00143243000
020 ## - Международен стандартен номер на книга ISBN
Международен стандартен номер на книга ISBN 978-954-337-140-2
-- издат.: Авангард принт
040 ## - Източник на каталожния запис
Идентификатор на билиотеката - собственик на записа BLK
041 ## - Код за език
Код за езика на текст/звукозапис или на отделно заглавие Български
Код за езика КДБФ Български
072 #7 - Код за тематичната категория
Код организация bullib
Код за тематична категория Н84
Текст Българска художествена литература Н
080 ## - УДК
Текстов определител УДК Българска литература
УДК код - определител по УДК 821.163.2
УДК определител -193
УДК - код + определител 821.163.2-193
100 1# - Редна дума - Автор
Автор Трифонов, Трифон Спасов
Авторска отговорност първи автор
R(LIN) 296868
139 ## - Редно поле
Редна дума Трифонов, Трифон Спасов
Авторски знак Триф - Т 84
245 10 - Сведения за заглавието
Заглавие Мисли в ритъм и в проза
Подзаглавни данни Неподправени мисли. Ритъмът на сърцето. Поривите на душата
Редно поле (дума) Трифон Спасов Трифонов.
257 ## - Страна на издаване
Страна на създаване/издаване България
260 ## - Област на издателските данни
-- Русе
Име на издателя, разпространителя и проч. Авангард принт
Година на издаване 2011
Печатница Русе : Студио колор
300 ## - Физическа характеристика
Страници 26 с.
Размери/Мащаб 20 см
380 ## - Жанр
Жанр Худож. лит.
659 ## - Тематичен бюлетин
Тематичен бюлетин Н
852 ## - Местоположение
Форматна сигнатура Цб 259595
856 4# - Електронен адрес и достъп
Електронен формат pdf - файл
Път до файла /url/
856 4# - Електронен адрес и достъп
Електронен формат pdf - файл
Път до файла /url/
942 ## - АРТИКУЛИ
Вид на библиотечния материал Книги
Скрит в OPAC Не
Koha issues (borrowed), all copies 1
944 ## - СЪЗДАВАНЕ И РЕДАКЦИЯ на ЗАПИСА
Създаване/Редакция Създаване
Дата на регистрацията/редакция 29.05.2013
Статус, дата на статуса Цветелина Шанова
Служител, извършил регистрацията/редакцията 30531
944 ## - СЪЗДАВАНЕ И РЕДАКЦИЯ на ЗАПИСА
Създаване/Редакция Редакция
Дата на регистрацията/редакция 20.06.2013
Статус, дата на статуса ф /
Служител, извършил регистрацията/редакцията
999 ## - СИСТЕМНИ КОНТРОЛНИ НОМЕРА
Koha biblionumber 137277
Koha biblioitemnumber 137277
Наличности
Код за отписване Код за изгубен артикул Код за повреда Коз за рестрикции Код за отдаване Артикулен № Име на библиотеката - собственик Име на библиотеката, в която се намира в момента Статус (Текущо местоположение) Дата на вписване в системата Местоположение - отдел Цена в лева Инвентарен номер Систематично азбучна сигнатура Баркод Номер на екземпляра Цена в евро Служебна бележка Служебен тип на артикула
  Не е изгубен Не е повреден без рестрикции ползва се в читалня 224523 Регионална библиотека "Любен Каравелов" Русе Регионална библиотека "Любен Каравелов" Русе Хранилище 2013-06-05 Основен фонд - ползва се само за читалня 4.00 120000766542 Цб 259595 120000766542 1 2.05 Дост: DA Вид: А N: 10 Дата: 02.06.2013 Книги
  Не е изгубен Не е повреден без рестрикции заемане за дома 224524 Регионална библиотека "Любен Каравелов" Русе Регионална библиотека "Любен Каравелов" Русе Заемна - подръчен фонд 2013-06-05 Заемна - подръчен фонд 4.00 120000766543 886.7-1/Т 84 120000766543 2 2.05 Дост: DA Вид: А N: 10 Дата: 02.06.2013 Дата инв: 14.02.2018 Бележки инв: П2018 Книги
Vip Innovations Ltd, Rousse, Bulgaria 2025